5HLuxD.jpg

KING HENRY VIII SENIOR AND PRIMARY SCHOOL LIBRARY OPAC

PUPPY ACADEMY (Record no. 4575)

000 -LEADER
fixed length control field 00362nam a22001217a 4500
008 - FIXED-LENGTH DATA ELEMENTS--GENERAL INFORMATION
fixed length control field 250304b ||||| |||| 00| 0 eng d
020 ## - INTERNATIONAL STANDARD BOOK NUMBER
International Standard Book Number 9780192739209
082 ## - DEWEY DECIMAL CLASSIFICATION NUMBER
Classification number 823.92 LEW
100 ## - MAIN ENTRY--PERSONAL NAME
Personal name LEWIS,GILL
Relator term AUTHOR
245 ## - TITLE STATEMENT
Title PUPPY ACADEMY
Remainder of title SCOUT AND THE SAUSAGE THIEF
260 ## - PUBLICATION, DISTRIBUTION, ETC.
Place of publication, distribution, etc. GREAT CLARENDON STREET,OXFORD OX2 6DP
Name of publisher, distributor, etc. OXFORD UNIVERSITY PRESS
Date of publication, distribution, etc. 2015
942 ## - ADDED ENTRY ELEMENTS (KOHA)
Source of classification or shelving scheme
Holdings
Withdrawn status Lost status Source of classification or shelving scheme Damaged status Not for loan Collection code Permanent Location Current Location Shelving location Date acquired Full call number Barcode Date last seen Price effective from Koha item type Public note
          Fiction KH8 Primary School Library KH8 Primary School Library Fiction 2025-03-04 823.92 LEW KHPL000006396 2025-12-05 2025-03-04 Books - Fiction KH8 PRIMARY LIBRARY

Powered By KH8 IT Dept